| 000 | 00900nam a22003015i 4500 | ||
|---|---|---|---|
| 005 | 20230608111900.0 | ||
| 008 | 200122s2020 inu 000 0 eng | ||
| 010 | _a 2020931514 | ||
| 020 |
_a9781119648468 _q(paperback) |
||
| 040 |
_aDLC _beng _erda _cDLC |
||
| 042 | _apcc | ||
| 082 |
_a025.04 _bBEL-S |
||
| 100 | 1 | _aBelew, Shannon, | |
| 245 | 1 | 0 |
_aStarting an online business all-in-one for dummies, sixth edition / _b<br> _cShannon Belew, Joel Elad. |
| 250 | _a6th. ed.. | ||
| 260 |
_aCanada _bWiley _cc2020 |
||
| 263 | _a2003 | ||
| 264 | 1 |
_aIndianapolis : _bJohn Wiley and Sons, _c2020. |
|
| 300 | _apages cm | ||
| 336 |
_atext _btxt _2rdacontent |
||
| 337 |
_aunmediated _bn _2rdamedia |
||
| 338 |
_avolume _bnc _2rdacarrier |
||
| 650 | _aInternet Marketing | ||
| 700 | 1 | _aElad, Joel, | |
| 906 |
_a0 _bibc _corignew _d2 _eepcn _f20 _gy-gencatlg |
||
| 999 |
_c18671 _d18671 |
||